000 00999nam a2200301 i 4500
001 000033538
003 DO-SdBNP
005 20241122094312.0
007 ta
008 100901e1966 dr 000 0bspa d
040 _aDO-SdBNP
_bspa
_cBNPHU
_erda
041 _aspa
082 4 _a923.27293
_bD812b 1966
_222
100 1 _a Balaguer, Joaquín,
_d1906-2002
_eautor
_4aut.
_976556
245 1 3 _aEl Cristo de la libertad :
_bvida de Juan Pablo Duarte /
_cJoaquín Balaguer.
250 _aSegunda edición
264 1 _aSanto Domingo :
_bEditora del Caribe,
_c1966.
300 _a215 páginas ;
_c20 cm.
336 _atexto
_btxt
_2rdacontent
337 _asin mediación
_bn
_2rdamedia
338 _avolumen
_bnc
_2rdacarrier
490 0 _aPensamiento dominicano
590 _aInventariado, 2023 / BT
600 1 0 _aDuarte, Juan Pablo,
_d1813-1876
_91494
651 0 _aRepública Dominicana --
_xHistoria --
_y1844-1930
_91009
910 _aValidado. Control de calidad MMOLINA
942 _2ddc
_cLBS1
999 _c33029
_d33029